| 000 | 02955nam a22004217a 4500 | ||
|---|---|---|---|
| 005 | 20081102225634.0 | ||
| 008 | 081102t xxu||||| |||| 00| 0 eng d | ||
| 010 | _aENG-84419-429 | ||
| 020 | _a8183240860 | ||
| 020 | _a8183240879 | ||
| 020 | _a8183240887 | ||
| 020 | _a8183240909 | ||
| 020 | _a 8183240917 | ||
| 020 | _a8183240925 | ||
| 020 | _c750.00 (hb) | ||
| 035 | _aEN-67952-962 | ||
| 082 | _a954.5 / DOC | ||
| 245 |
_aDocuments on North-East India: _ban exhaustive survey / _cedited by S K Sharma and Usha Sharma |
||
| 260 |
_aNew Delhi _bMittal Publications |
||
| 260 | _c2006 | ||
| 300 |
_a11 v. (xii,271p, xii,267p, xii,444p, xii,396p, xiii,418p, xii,272p, xii,163p, xiii,210p, xiv,446p, xiii,230p, xii,175p) _c22cm |
||
| 500 | _aIncludes bibliographical references and index | ||
| 505 | _aSet of 11 volume | ||
| 700 |
_aSharma, S K _ced |
||
| 700 |
_aSharma, Usha _ced |
||
| 942 |
_2ddc _cEN _h954.5 _mDOC |
||
| 999 |
_c17739 _d17739 |
||